|
|
|
|
| LEADER |
01242nam a2200349 a 4500 |
| 001 |
000439834 |
| 003 |
CZ BrMZK |
| 005 |
20260421081018.0 |
| 007 |
ta |
| 008 |
010907s1999 xr e p cze d |
| 015 |
|
|
|a cnb000767188
|
| 020 |
|
|
|a 80-213-0534-7
|
| 035 |
|
|
|a (OCoLC)43259898
|
| 040 |
|
|
|a BOA001
|b cze
|
| 072 |
|
7 |
|a 311
|x Statistika
|2 Konspekt
|9 4
|
| 072 |
|
7 |
|a 37.016
|x Učební osnovy. Vyučovací předměty. Učebnice
|2 Konspekt
|9 22
|
| 080 |
|
|
|a 311
|2 MRF
|
| 080 |
|
|
|a (075.8)
|2 MRF
|
| 100 |
1 |
|
|a Prášilová, Marie,
|d 1955-
|7 ola2004231538
|4 aut
|
| 245 |
1 |
0 |
|a Cvičení ze statistiky I /
|c Marie Plášilová, Rudolf Zeipelt
|
| 250 |
|
|
|a Vyd. 2., přeprac.
|
| 260 |
|
|
|a Praha :
|b Credit,
|c 1999
|
| 300 |
|
|
|a 125 s. ;
|c 29 cm
|
| 500 |
|
|
|a Určeno pro posl. oboru PaE
|
| 504 |
|
|
|a Obsahuje bibliografii
|
| 650 |
0 |
7 |
|a statistika
|7 ph116273
|x úlohy
|2 czenas
|
| 655 |
|
7 |
|a učebnice vysokých škol
|7 fd133772
|2 czenas
|
| 700 |
1 |
|
|a Zeipelt, Rudolf
|7 jx20040726060
|4 aut
|
| 710 |
2 |
|
|a Česká zemědělská univerzita v Praze.
|b Provozně ekonomická fakulta
|7 kn20010725055
|
| 910 |
|
|
|a BOA001
|b 4-1063.867
|
| 990 |
|
|
|a BK
|
| 996 |
6 |
|
|b 2610101385
|c 4-1063.867
|l MZK
|r Sklad / do 1 hodiny
|n 8
|p p.v.
|w 000439834
|u 000010
|a 1
|e BOA001
|j MZK50
|s P
|